000 01080nam a22001937a 4500
003 OSt
005 20251127101614.0
008 251117b |||||||| |||| 00| 0 eng d
040 _cDCL
082 _a၂၉၄.၃၈၂၂၂
130 _aတိပိဋက။
_pဝိနယပိဋက။
_tပါစိတ္တိယ၊
_lအဋ္ဌကထာ၊
_sနိဿယ။
245 _aပါစိတ်တျာဒိ အဋ္ဌကထာနိဿယ /
_cရွှေဥမင်ဆရာတော်ဘုရားကြီး။
264 _aရန်ကုန် ၊
_bဇမ္ဗူ့မိတ်ဆွေ ပိဋကတ်ပုံနှိပ်တိုက်၊
_c၁၉၁၃။
300 _a၄၅၁ စာမျက်နှာ ၊
_c၂၆ စင်တီ။
650 _aပါစိတ္တိယ
_vအဋ္ဌကထာနိဿယ။
650 _aပါစိတ်တျာ
_vအဋ္ဌကထာနိဿယ။
700 _aရွှေဥမင်ဆရာတော်ဘုရားကြီး။
942 _2ddc
_cSHORT TERM
_n0
999 _c2499
_d2499